书目信息 |
| 书名: | Environment | |
| 作者: | John L. Allen. | |
| 分册号: | ||
| 分册名: | 出版地: | CONNECTICUT : |
|
| 出版社: | Dushkin/McGraw.Hill | |
| 出版时间: | 1999. | |
| 页数: | 229 p. ; | |
| 开本: | 26cm. | |
| 丛书名: | ||
| 中图分类号: | ||
| 科图分类号: | ||
| 其他分类号: | X-54 | |
| 主题词: | ||
| 电子资源: | ||
| 000 | 00398nam 2200157 a 4500 | |
| 001 | E0158217244 | |
| 005 | 2001112316101690 | |
| 008 | 011123s1999 00010 eng | |
| 020 | @a0-697-41790-5. | |
| 040 | @aPFT@beng | |
| 090 | @aX-54 | |
| 099 | @dX-54@eA425 | |
| 245 | @aEnvironment / @cJohn L. Allen. | |
| 250 | @a7th.ed. | |
| 260 | @aCONNECTICUT :@bDushkin/McGraw.Hill,@c1999. | |
| 300 | @a229 p. ;@c26cm. | |
| Environment / / John L. Allen.-7th.ed.-CONNECTICUT : : Dushkin/McGraw.Hill, , 1999. |
| 229 p. ; ; 26cm. |
| ISBN 0-697-41790-5. |
| ● |
| 相关链接 |
|
|
|
正题名:Environment
索取号:X-54/A425
 
预约/预借
| 序号 | 登录号 | 条形码 | 馆藏地/架位号 | 状态 | 备注 |
| 1 | 011 | 300000111 | 自科库501/400A自科库 34排2列1层/ [索取号:X-54/A425] | 在馆 | |
| 2 | 0440 | 300004402 | 自科库501/400A自科库 34排2列1层/ [索取号:X-54/A425] | 在馆 | |
| 3 | 0581 | 300005811 | 自科库501/501自科库 61排5列3层/ [索取号:X-54/A425] | 在馆 | |
| 4 | 065 | 300000656 | 自科库501/400A自科库 34排2列1层/ [索取号:X-54/A425] | 在馆 | |
| 5 | 066 | 300000665 | 自科库501/400A自科库 34排2列1层/ [索取号:X-54/A425] | 在馆 |